000
00211nam a22000857a 4500
008
161209b xxu||||| |||| 00| 0 eng d
100
_9
1965
_a
Singh.L.etal.
245
_a
Physics-IX
260
_a
New Delhi
_b
S. Chand
_c
2011
999
_c
4759
_d
4759